000 01748nam0a2200349 i 4500
001 RU\NLR\BIBL_A\010730501
005 20240921205403.0
010 _a9785952500778
_9500
021 _aRU
_b2015-15382
_9932
035 _a(NILC)RuMoRGB-007883661
035 _a(NLR Aleph) 010730501
090 _a9862620
_c9862620
100 _a20150416d2013 k y0rusy50 ca
101 0 _arus
102 _aRU
105 _aa|||z|||010yy
200 1 _aМетодика стратегического анализа деятельности коммерческих организаций
_eмонография
_fГ.Е. Крохичева, Е.А. Щекотихина, В.В. Лесняк
_gМ-во образования и науки Рос. Федерации, Федер. гос. бюджет. образоват. учреждение высш. проф. образования "Ростов. гос. строит. ун-т"
210 _aРостов-на-Дону
_cРедакционно-издательский центр РГСУ
_d2013
215 _a194 с.
_cил.
_d21
300 _aНа обл.: К 70-летию РГСУ
320 _aБиблиогр.: с. 184-194 (170 назв.)
606 1 _aКоммерческие организации
_xУправление
_92605216
_3RU\NLR\AUTH\661541774
686 1 _aУ21(0)9
700 1 _aКрохичева
_bГ. Е.
_gГалина Егоровна
701 1 _aЩекотихина
_bЕ. А.
_gЕлена Анатольевна
701 1 _aЛесняк
_bВ. В.
_gВладимир Владимирович
801 0 _aRU
_bРГБ
_c20150311
_gRCR
801 1 _aRU
_bРГБ
_c20150311
_2rusmarc
942 _cBOOK
980 _aNBR